Project work in the secondary school.
Saved in:
| Main Author: | |
|---|---|
| Format: | Book |
| Language: | English |
| Published: |
[London]
Longmans, Green,
[1967]
|
| Series: | Education today.
|
| Subjects: | |
| Tags: |
Add Tag
No Tags, Be the first to tag this record!
|
| LEADER | 00725cam a2200253I 4500 | ||
|---|---|---|---|
| 001 | 003299486-9 | ||
| 005 | 20020606093309.7 | ||
| 008 | 740701s1967 enkaf b 000 0 eng u | ||
| 010 | |a 67114731 | ||
| 035 | 0 | |a ocm00933195 | |
| 035 | 0 | |a ocm00933195 |z ocm00288794 | |
| 040 | |c OUN |d OCL |d HMG | ||
| 050 | |a LB1027 |b .C875 | ||
| 082 | |a 373.1'36 | ||
| 100 | 1 | |a Cowan, Gordon. | |
| 245 | 1 | 0 | |a Project work in the secondary school. |
| 260 | |a [London] |b Longmans, Green, |c [1967] | ||
| 300 | |a x, 91 p. |b 4 plates (incl. facims.), tables, diagrs. |c 20 cm. | ||
| 490 | 0 | |a Education today. | |
| 504 | |a Bibliography: p.88-91. | ||
| 650 | 0 | |a Project method in teaching. | |
| 650 | 0 | |a Education, Secondary. | |
| 988 | |a 20020608 | ||
| 906 | |0 MH | ||


